قيس بن ذريح / (Record no. 67506)

MARC details
000 -LEADER
fixed length control field 00614nam a22002057a 4500
005 - DATE AND TIME OF LATEST TRANSACTION
control field 20251108172000.0
008 - FIXED-LENGTH DATA ELEMENTS--GENERAL INFORMATION
fixed length control field 250721s1985 xx 000 0 ara d
082 14 - DEWEY DECIMAL CLASSIFICATION NUMBER
Classification number 811.0109/جور
100 1# - MAIN ENTRY--PERSONAL NAME
Personal name غريب، جورج
245 10 - TITLE STATEMENT
Title قيس بن ذريح /
264 1# - PRODUCTION, PUBLICATION, DISTRIBUTION, MANUFACTURE, AND COPYRIGHT NOTICE
Place of production, publication, distribution, manufacture بيروت :
Name of producer, publisher, distributor, manufacturer دار الثقافة،
Date of production, publication, distribution, manufacture, or copyright notice 1985.
300 ## - PHYSICAL DESCRIPTION
Extent 111ص
490 0# - SERIES STATEMENT
Series statement سلسلة الموسوعة في الأدب العربي ؛ 43
650 17 - SUBJECT ADDED ENTRY--TOPICAL TERM
Topical term or geographic name as entry element شعر الغزل
650 17 - SUBJECT ADDED ENTRY--TOPICAL TERM
Topical term or geographic name as entry element التاريخ الأدبي
650 17 - SUBJECT ADDED ENTRY--TOPICAL TERM
Topical term or geographic name as entry element النقد الأدبي
650 17 - SUBJECT ADDED ENTRY--TOPICAL TERM
Topical term or geographic name as entry element الشعر الجاهلي
942 ## - ADDED ENTRY ELEMENTS (KOHA)
Source of classification or shelving scheme Dewey Decimal Classification
Koha item type Books
Holdings
حالة السحب حالة الفقدان مصدر التصنيف حالة التلف غير قابل للإعارة المكتبة الرئيسية المكتبة الحالية موقع الرف تاريخ التزويد الرقم المتسلسل Total Checkouts رقم الإستدعاء تاريخ آخر ظهور تاريخ الفاتورة نوع المادة (كوها) الباركود
    Dewey Decimal Classification Unchecked   مكتبة الاميرة بديعة مكتبة الاميرة بديعة الإعارة 06/07/2004 1817   811.0109/جور 28/07/2025 06/07/2004 Books  
    Dewey Decimal Classification Unchecked   مكتبة الجويدة مكتبة الجويدة الإعارة 06/07/2004 1616   811.0109/جور 28/07/2025 06/07/2004 Books  
    Dewey Decimal Classification Unchecked   مكتبة الجويدة مكتبة الجويدة الإعارة 06/07/2004 1421   811.0109/جور 28/07/2025 06/07/2004 Books  
    Dewey Decimal Classification Unchecked   مكتبة صويلح العامة مكتبة صويلح العامة الإعارة 06/07/2004 3996   811.0109/جور 28/07/2025 06/07/2004 Books  
    Dewey Decimal Classification     مكتبة صويلح العامة مكتبة صويلح العامة الإعارة 21/07/2019 003997   811.0109/جور 28/07/2025 21/07/2019 Books PLD00458312
    Dewey Decimal Classification Unchecked   مكتبة وادي السير العامة مكتبة وادي السير العامة الإعارة 06/07/2004 1969   811.0109/جور 28/07/2025 06/07/2004 Books  
    Dewey Decimal Classification     مكتبة وادي السير العامة مكتبة وادي السير العامة الإعارة 18/04/2016 [1972]..   811.0109/جور 28/07/2025 18/04/2016 Books PLD00387024
Implemented & Customized by: BBB with SCIT (Smart Chains for Information Technology)

Powered by Koha